A thousand water bombs : (Record no. 5531)
[ view plain ]
| 000 -LEADER | |
|---|---|
| fixed length control field | 01472nam a22002657a 4500 |
| 001 - CONTROL NUMBER | |
| control field | 5531 |
| 003 - CONTROL NUMBER IDENTIFIER | |
| control field | FISKH |
| 005 - DATE AND TIME OF LATEST TRANSACTION | |
| control field | 20251204084535.0 |
| 008 - FIXED-LENGTH DATA ELEMENTS--GENERAL INFORMATION | |
| fixed length control field | 241216b cb ||||| |||| 00| 0 eng d |
| 020 ## - INTERNATIONAL STANDARD BOOK NUMBER | |
| International Standard Book Number | 9781848122949 |
| 040 ## - CATALOGING SOURCE | |
| Original cataloging agency | FISKH |
| Language of cataloging | eng |
| Transcribing agency | FISKH |
| Modifying agency | FISKH |
| 050 ## - LIBRARY OF CONGRESS CALL NUMBER | |
| Classification number | PZ7 |
| 082 ## - DEWEY DECIMAL CLASSIFICATION NUMBER | |
| Classification number | 800 |
| 100 ## - MAIN ENTRY--PERSONAL NAME | |
| Personal name | Alexander, T.M |
| 245 ## - TITLE STATEMENT | |
| Title | A thousand water bombs : |
| Remainder of title | Five friends have fun and adventures / |
| Statement of responsibility, etc. | T M Alexander |
| 260 ## - PUBLICATION, DISTRIBUTION, ETC. | |
| Place of publication, distribution, etc. | London : |
| Name of publisher, distributor, etc. | Piccadilly, |
| Date of publication, distribution, etc. | 2010 |
| 300 ## - PHYSICAL DESCRIPTION | |
| Extent | 246 pages : |
| Other physical details | illustrations ; |
| Dimensions | 20 cm |
| 505 ## - FORMATTED CONTENTS NOTE | |
| Formatted contents note | Q<br/> |
| 520 ## - SUMMARY, ETC. | |
| Summary, etc. | Tribe isn't a group of ordinary kids leading ordinary lives. It's a force to be reckoned with. The five Tribers have fun getting in and out of adventures. Meet them: Bee: I'm Bossy. Someone needs to be. Copper Pie: I'm the muscle. Mess with my mates and you've got me to deal with. Keener: I try and keep Copper Pie out of trouble. It's a fulltime job. Fifty: I'm determined to grow. I can't stay this small forever. Jonno: I'm a Triber. That's all you need to know. Tribe - it's too big to stay secret. AUTHOR: T.M. Alexander likes short words better than long ones and spinach more than celeriac. She writes in a study that no one knows exists, hidden behind a secret door masquerading as a bookcase. If the door ever gets stuck she will never be seen again. |
| 521 8# - TARGET AUDIENCE NOTE | |
| Target audience note | 670<br/> |
| Source | Lexile <br/> |
| 521 8# - TARGET AUDIENCE NOTE | |
| Target audience note | Q<br/> |
| Source | Raz-Plus <br/> |
| 650 ## - SUBJECT ADDED ENTRY--TOPICAL TERM | |
| Topical term or geographic name entry element | Children Fiction |
| Form subdivision | Kbooks |
| 942 ## - ADDED ENTRY ELEMENTS (KOHA) | |
| Source of classification or shelving scheme | Dewey Decimal Classification |
| Koha item type | Books |
| Suppress in OPAC | No |
| Withdrawn status | Lost status | Source of classification or shelving scheme | Damaged status | Not for loan | Collection | Home library | Current library | Shelving location | Date acquired | Total Checkouts | Full call number | Barcode | Date last seen | Date last checked out | Price effective from | Koha item type | Public note |
|---|---|---|---|---|---|---|---|---|---|---|---|---|---|---|---|---|---|
| Dewey Decimal Classification | Juvenile Fiction | Footprints International School Library Network Toul Tom Poung Campus | Footprints International School Library Network Toul Tom Poung Campus | TTP Primary Orange Bookshelves | 12/16/2024 | 1 | ALE 800 PZ7 | 2024-2455 | 12/04/2025 | 04/25/2025 | 12/16/2024 | Books | Lost Paid 10$ 04.12.25 |
